000 00576 a2200205 4500
003 4367782
005 20250924105755.0
008 250924b |||||||| |||| 00| 0 eng d
022 _a15960617
040 _cNile University of Nigeria , Abuja.
_erda
050 _aK 60 .B65
082 _aK 60 .B65
245 _aUNIMAID JOURNAL OF PUBLIC LAW
260 _aBorno state
_bUnimaid University press
_c2016
264 _aBorno state
_bUnimaid University press
_c2016
300 _bviii, 246 pg., 35 cm
336 _2rdacontent
338 _2rdacarrier
942 _2lcc
_cSERIAL
999 _c43652
_d43652